| 000 | 00830nas a2200241 a 4500 | ||
|---|---|---|---|
| 999 |
_c400915 _d400915 |
||
| 003 | BLK | ||
| 005 | 20250724164146.0 | ||
| 008 | 210315b bu |||||r|||| 00| 0 bu d | ||
| 020 | _a9772612121039 | ||
| 022 | _a2612-1212 | ||
| 040 | _aBLK | ||
| 041 |
_aBUL _cBUL |
||
| 080 |
_aЛитература на отделни езици и езикови семейства _b821 _z821-93-94 |
||
| 139 |
_aАтлантида _bА 93 |
||
| 245 | _aАтлантида: Изгубената империя | ||
| 260 |
_9210229 _aMilano _bHachette _c2020 |
||
| 300 |
_a[28] с. _bс цв. ил. _c21 см |
||
| 380 | _aDX | ||
| 490 |
_9443207 _aЗлатна колекция вълшебни приказки _v№ 84 _x2612-1212 |
||
| 942 |
_cCPU _n0 _s1 _016 |
||
| 944 |
_aCR _c2021-03-15 _k30552 _lВиолета Тройчева |
||
| 999 | _d400915 | ||